Tratado de amistad entre el Estado Español y la República de Liberia. Monrovia, 2 de abril de 1953. (Record no. 146418)

MARC details
000 -LEADER
campo de control de longitud fija 00609nam a2200169 i 4500
001 - NÚMERO DE CONTROL
campo de control 146418
003 - IDENTIFICADOR DE NÚMERO DE CONTROL
campo de control ES-MaACL
005 - FECHA Y HORA DE LA ÚLTIMA TRANSACCIÓN
campo de control 20230906201527.0
007 - CAMPO FIJO DE DESCRIPCIÓN FÍSICA--INFORMACIÓN GENERAL
campo de control de longitud fija t|
008 - DATOS DE LONGITUD FIJA--INFORMACIÓN GENERAL
campo de control de longitud fija 070910s1953 sp ||||1| spa d
245 00 - MENCIÓN DEL TÍTULO
Título Tratado de amistad entre el Estado Español y la República de Liberia. Monrovia, 2 de abril de 1953.
260 ## - PUBLICACIÓN, DISTRIBUCIÓN, ETC.
Lugar de publicación, distribución, etc. Madrid :
Nombre del editor, distribuidor, etc. [s.n.],
Fecha de publicación, distribución, etc. 1953 (
Fabricante Imp. Ministerio de Asuntos Exteriores)
300 ## - DESCRIPCIÓN FÍSICA
Extensión 4 p. ;
Dimensiones 23 cm.
500 ## - NOTA GENERAL
Nota general Precede al tít.: Ministerio de Asuntos Exteriores.
710 00 - ENTRADA AGREGADA--NOMBRE DE ENTIDAD CORPORATIVA
Nombre de entidad corporativa o nombre de jurisdicción como elemento de entrada España.
Unidad subordinada Ministerio de Asuntos Exteriores.
9 (RLIN) 3845
852 ## - LOCALIZACIÓN
Ubicación ES-MaACL
Número de control de estantería 1959-F-16
Sublocalización o colección R.35850
Holdings
Estatus retirado Estado de pérdida Estado de daño No para préstamo Colección Biblioteca de origen Biblioteca actual Ubicación en estantería Fecha de adquisición Fuente de adquisición Total de préstamos Signatura topográfica completa Código de barras Visto por última vez Precio de reemplazo Tipo de ítem Koha
        Colección de folletos Biblioteca del Ateneo de Madrid Biblioteca del Ateneo de Madrid Depósito folletos 17/01/2008     1959-F-16 1152821 23/02/2023 23/02/2023 Folleto